Economic co-operation in Europe ; a study of the United Nations Economic Commission for Europe.

Bibliographic Details
Main Author: Wightman, David
Format: Book
Language:English
Published: New York : Praeger, 1956 [i. e. 1957]
Subjects:

MARC

Tag First Indicator Second Indicator Subfields
LEADER 00000cam a2200000 4500
001 in00000059114
005 20151008051531.0
008 750127s1957 nyu b 00000 eng u
010 |a  56013093  
035 |a (OCoLC)01153239 
035 |9 AAG8509AM 
040 |c YNG  |d TXA  |d UtOrBLW 
049 |a TXAM  |c [279568] 
050 0 0 |a HC240  |b .W47 1957 
082 1 |a 338.94 
092 |a 338.94  |b W658e 
100 1 |a Wightman, David. 
245 1 0 |a Economic co-operation in Europe ;  |b a study of the United Nations Economic Commission for Europe. 
264 1 |a New York :  |b Praeger,  |c 1956 [i. e. 1957] 
300 |a xi, 288 pages ;  |c 23 cm. 
336 |a text  |b txt  |2 rdacontent 
337 |a unmediated  |b n  |2 rdamedia 
338 |a volume  |b nc  |2 rdacarrier 
500 |a "Published under the auspices of the Carnegie Endowment for International Peace, European Center." 
504 |a Bibliography: pages 269-274. 
610 2 0 |a United Nations.  |b Economic Commission for Europe. 
651 0 |a Europe  |x Economic policy. 
999 |a MARS 
999 f f |s facc1772-3978-3117-bee5-3ceb62923551  |i ab77b570-a146-30b6-a95b-18f379b279de  |t 0 
952 f f |p ric  |a Texas A&M University  |b Rellis Campus  |c Joint Library Facility  |d Remote Storage  |t 0  |e HC240 .W47 1957  |h Library of Congress classification  |i unmediated -- volume  |m A14800774282 
998 f f |a HC240 .W47 1957  |t 0  |l Remote Storage